Μουσική και διαθεματικότητα : η μουσική στα μη μουσικά σχολικά εγχειρίδια
Αποθηκεύτηκε σε:
| Κύριος συγγραφέας: | |
|---|---|
| Μορφή: | Βιβλίο |
| Γλώσσα: | Greek |
| Δημοσίευση: |
Αθήνα :
Αφοί Κυριακίδη,
[c2009].
|
| Θέματα: | |
| Ετικέτες: |
Προσθήκη ετικέτας
Δεν υπάρχουν, Καταχωρήστε ετικέτα πρώτοι!
|
MARC
| LEADER | 00000cam a2200000 i 4500 | ||
|---|---|---|---|
| 001 | 1/2472 | ||
| 008 | 091216s2009 gr ||| ||gre|| | ||
| 020 | |a 9789604671106 | ||
| 035 | |l 10106019 | ||
| 040 | |a GR-MY-UA |b gre |e aacr | ||
| 041 | 0 | |a gre | |
| 082 | 7 | |a 372.87044 |2 (22) | |
| 100 | 1 | |a Καψάλη, Στυλιανή. | |
| 245 | 1 | 0 | |a Μουσική και διαθεματικότητα : |b η μουσική στα μη μουσικά σχολικά εγχειρίδια / |c Στυλιανή Καψάλη. |
| 260 | |a Αθήνα : |b Αφοί Κυριακίδη, |c [c2009]. | ||
| 300 | |a 189 σ. ; |c 21 εκ. | ||
| 504 | |a Βιβλιογραφία: σ. (183)-189. | ||
| 650 | 0 | 0 | |a Music |x Instruction and study |x Juvenile. |
| 650 | 0 | 0 | |a School music |x Instruction and study. |
| 650 | 0 | 0 | |a Music |x Elementary education. |
| 852 | |a INST |b RHODES |e 20091216 |h 372.87044 ΚΑΨ |p 005400032274 |q 005400032274 |t BK |y 0 | ||
| 901 | |a BIBL4-2009-3 | ||
| 970 | |a ΚΟΖΑ |b ΜΑΡΙΑ |z 2009/12/16 | ||